000
00336nam a2200157Ia 4500
003
Ost
005
20260225132541.0
008
260225s9999||||xx |||||||||||||| ||und||
040
_c
fsic
041
_a
fre
082
_a
808
100
_a
Jean segui
_e
Auteur
245
0
_a
Leçon et parole /
245
0
_c
Jean segui
942
_c
كتاب
999
_c
33497
_d
33497